<?xml version="1.0" encoding="UTF-8"?><?xml-stylesheet type="text/xsl" href="static/style.xsl"?><OAI-PMH xmlns="http://www.openarchives.org/OAI/2.0/" xmlns:xsi="http://www.w3.org/2001/XMLSchema-instance" xsi:schemaLocation="http://www.openarchives.org/OAI/2.0/ http://www.openarchives.org/OAI/2.0/OAI-PMH.xsd"><responseDate>2026-06-03T01:34:03Z</responseDate><request verb="GetRecord" identifier="oai:riuma.uma.es:10630/4304" metadataPrefix="marc">https://riuma.uma.es/rest/oai/request</request><GetRecord><record><header><identifier>oai:riuma.uma.es:10630/4304</identifier><datestamp>2026-02-03T12:50:23Z</datestamp><setSpec>com_10630_27</setSpec><setSpec>com_10630_3139</setSpec><setSpec>com_10630_10</setSpec><setSpec>col_10630_582</setSpec></header><metadata><record xmlns="http://www.loc.gov/MARC21/slim" xmlns:dcterms="http://purl.org/dc/terms/" xmlns:doc="http://www.lyncode.com/xoai" xmlns:xsi="http://www.w3.org/2001/XMLSchema-instance" xsi:schemaLocation="http://www.loc.gov/MARC21/slim http://www.loc.gov/standards/marcxml/schema/MARC21slim.xsd">
   <leader>00925njm 22002777a 4500</leader>
   <datafield ind2=" " ind1=" " tag="042">
      <subfield code="a">dc</subfield>
   </datafield>
   <datafield ind2=" " ind1=" " tag="720">
      <subfield code="a">Letreuch-Belrouci, Assia</subfield>
      <subfield code="e">author</subfield>
   </datafield>
   <datafield ind2=" " ind1=" " tag="720">
      <subfield code="a">Medjahdi, Boumediene</subfield>
      <subfield code="e">author</subfield>
   </datafield>
   <datafield ind2=" " ind1=" " tag="720">
      <subfield code="a">Letreuch-Belarouci, Noureddine</subfield>
      <subfield code="e">author</subfield>
   </datafield>
   <datafield ind2=" " ind1=" " tag="720">
      <subfield code="a">Benabdeli, Kheloufi</subfield>
      <subfield code="e">author</subfield>
   </datafield>
   <datafield ind2=" " ind1=" " tag="260">
      <subfield code="c">2009</subfield>
   </datafield>
   <datafield ind2=" " ind1=" " tag="520">
      <subfield code="a">Diversité floristique des suberaies du Parc National de Tlemcen (Algérie). L’analyse de&#xd;
la diversité floristique des forêts de Hafir Zariffet a révélé l’existence de 211 taxons appartenant à 65&#xd;
familles et 164 genres. Le nombre de taxons endémiques et/ou rares inventoriés comporte: 1 endémique&#xd;
algérien,7 algéro-marocains, 11 ibéro-algéro-marocains, 7 sont endémiques d’Afrique du Nord et&#xd;
11 sont des endémiques d’Afrique du Nord et de la Péninsule ibérique. Le nombre des taxons rares&#xd;
s’élève à 26 dont 9 sont en même temps rares est menacés. Des efforts urgents de protection doivent&#xd;
êtres consentis pour préserver le chêne liège ainsi que les espèces endémiques qui lui sont inféodées.&#xd;
&#xd;
&#xd;
Flora diversity of cork oak forest in the National Park of Tlemcen (Algeria). The analysis of the&#xd;
floristic diversity of forest massif “Hafir-Zariffet” in the Tlemcen National Park has revealed the existence&#xd;
of 211 taxa which belong to 65 families and 164 genera. The number of taxa endemic and/or rare includes:&#xd;
1 endemic algerian, 7 algero-moroccan, 11 ibero-algero-moroccan, 7 are endemic in North Africa and 11&#xd;
are endemic in Iberian Peninsula and North Africa. The number of rare taxa is 26, 9 are at the same time&#xd;
threatened. Urgent efforts are required to preserve the cork oak as well as endemic species confined to it.</subfield>
   </datafield>
   <datafield ind1="8" ind2=" " tag="024">
      <subfield code="a">Acta Botánica Malacitana, Nº34, Págs. 77-89</subfield>
   </datafield>
   <datafield ind1="8" ind2=" " tag="024">
      <subfield code="a">02109506</subfield>
   </datafield>
   <datafield ind1="8" ind2=" " tag="024">
      <subfield code="a">http://hdl.handle.net/10630/4304</subfield>
   </datafield>
   <datafield tag="653" ind2=" " ind1=" ">
      <subfield code="a">Alcornoques</subfield>
   </datafield>
   <datafield tag="653" ind2=" " ind1=" ">
      <subfield code="a">Parque Nacional de Tlemcen - Argelia</subfield>
   </datafield>
   <datafield ind2="0" ind1="0" tag="245">
      <subfield code="a">Diversité floristique des suberaies du Parc National de Tlemcen (Algerie)</subfield>
   </datafield>
</record>
</metadata></record></GetRecord></OAI-PMH>